Normal view
MARC view
Entry Personal Name
001 - CONTROL NUMBER
- control field: 2092
003 - CONTROL NUMBER IDENTIFIER
- control field: BD-RjUL
005 - DATE AND TIME OF LATEST TRANSACTION
- control field: 20220328150230.0
008 - FIXED-LENGTH DATA ELEMENTS
- fixed length control field: 220328|| aca||aabn | a|a d
040 ## - CATALOGING SOURCE
- Original cataloging agency: BD-RjUL
- Transcribing agency: BD-RjUL
100 ## - HEADING--PERSONAL NAME
- Personal name: Banu, Akter, Co-Supervisor
670 ## - SOURCE DATA FOUND
- Source citation: Work cat.: (BD-RjUL)79624: Rahman, Md. Lutfor 2089, The Spread of Primary Eduction :, 2010